[Event "Hoogeveen Open"]
[Site "Hoogeveen, Netherlands"]
[Date "2018.10.25"]
[Round "7.7"]
[White "Romanov, Evgeny"]
[Black "Colijn, Stefan"]
[Result "1-0"]
[WhiteElo "2614"]
[BlackElo "2340"]

1. c4 {[%clk 01:21:15]} {[%emt 00:09:44]} e5 {[%clk 01:30:26]} {[%emt
00:00:34]} 2. g3 {[%clk 01:21:38]} {[%emt 00:00:07]} Nf6 {[%clk 01:30:36]}
{[%emt 00:00:15]} 3. Bg2 {[%clk 01:21:59]} {[%emt 00:00:13]} Nc6 {[%clk
01:30:40]} {[%emt 00:00:26]} 4. Nc3 {[%clk 01:22:22]} {[%emt 00:00:08]} Bc5
{[%clk 01:27:06]} {[%emt 00:04:04]} 5. Nf3 {[%clk 01:22:12]} {[%emt 00:00:39]}
d6 {[%clk 01:27:34]} {[%emt 00:00:03]} 6. O-O {[%clk 01:22:20]} {[%emt
00:00:22]} O-O {[%clk 01:27:49]} {[%emt 00:00:15]} 7. e3 {[%clk 01:22:03]}
{[%emt 00:00:47]} a6 {[%clk 01:24:24]} {[%emt 00:03:59]} 8. b3 {[%clk
01:22:11]} {[%emt 00:00:19]} h6 {[%clk 01:23:06]} {[%emt 00:01:47]} 9. Bb2
{[%clk 01:22:13]} {[%emt 00:00:29]} Re8 {[%clk 01:22:52]} {[%emt 00:00:43]} 10.
Nd5 {[%clk 01:17:20]} {[%emt 00:05:22]} Ba7 {[%clk 01:15:13]} {[%emt 00:08:10]}
11. d4 {[%clk 01:10:18]} {[%emt 00:07:32]} exd4 {[%clk 00:55:57]} {[%emt
00:19:47]} 12. Nxd4 {[%clk 01:10:29]} {[%emt 00:00:19]} Nxd4 {[%clk 00:53:46]}
{[%emt 00:02:40]} 13. Bxd4 {[%clk 01:10:23]} {[%emt 00:00:36]} Bxd4 {[%clk
00:49:51]} {[%emt 00:04:25]} 14. Qxd4 {[%clk 01:10:45]} {[%emt 00:00:08]} Nxd5
{[%clk 00:47:43]} {[%emt 00:02:39]} 15. cxd5 {[%clk 01:10:30]} {[%emt
00:00:44]} Bd7 {[%clk 00:42:19]} {[%emt 00:05:54]} 16. Rac1 {[%clk 01:10:14]}
{[%emt 00:00:45]} Re7 {[%clk 00:37:04]} {[%emt 00:05:45]} 17. Rfd1 {[%clk
01:09:02]} {[%emt 00:01:43]} a5 {[%clk 00:31:56]} {[%emt 00:05:39]} 18. Qc3
{[%clk 01:07:12]} {[%emt 00:02:20]} Bf5 {[%clk 00:26:35]} {[%emt 00:05:50]} 19.
Rd4 {[%clk 01:07:10]} {[%emt 00:00:33]} b6 {[%clk 00:26:30]} {[%emt 00:00:35]}
20. a4 {[%clk 01:01:40]} {[%emt 00:06:00]} Ra7 {[%clk 00:23:53]} {[%emt
00:03:07]} 21. h4 {[%clk 00:59:21]} {[%emt 00:02:48]} Qd7 {[%clk 00:23:58]}
{[%emt 00:00:26]} 22. Bf3 {[%clk 00:59:08]} {[%emt 00:00:42]} Qe8 {[%clk
00:22:03]} {[%emt 00:02:25]} 23. Rc4 {[%clk 00:57:55]} {[%emt 00:01:43]} h5
{[%clk 00:18:48]} {[%emt 00:03:46]} 24. Bxh5 {[%clk 00:38:46]} {[%emt
00:19:38]} Be4 {[%clk 00:19:10]} {[%emt 00:00:07]} 25. Rd4 {[%clk 00:39:08]}
{[%emt 00:00:09]} Re5 {[%clk 00:17:45]} {[%emt 00:01:56]} 26. Qc4 {[%clk
00:38:58]} {[%emt 00:00:39]} c5 {[%clk 00:15:03]} {[%emt 00:03:12]} 27. dxc6
{[%clk 00:39:09]} {[%emt 00:00:19]} Rc5 {[%clk 00:12:52]} {[%emt 00:02:41]} 28.
Qf1 {[%clk 00:31:30]} {[%emt 00:08:09]} Qxc6 {[%clk 00:04:40]} {[%emt
00:08:42]} 29. Rdc4 {[%clk 00:28:35]} {[%emt 00:03:25]} Bd5 {[%clk 00:03:38]}
{[%emt 00:01:32]} 30. Rxc5 {[%clk 00:28:52]} {[%emt 00:00:14]} bxc5 {[%clk
00:04:01]} {[%emt 00:00:06]} 31. Qd1 {[%clk 00:28:02]} {[%emt 00:01:20]} Rb7
{[%clk 00:01:36]} {[%emt 00:02:55]} 32. Rc3 {[%clk 00:28:22]} {[%emt 00:00:10]}
Be4 {[%clk 00:01:58]} {[%emt 00:00:08]} 33. Be2 {[%clk 00:27:26]} {[%emt
00:01:25]} Qd5 {[%clk 00:00:46]} {[%emt 00:01:44]} 34. Qxd5 {[%clk 00:20:45]}
{[%emt 00:07:11]} Bxd5 {[%clk 00:01:14]} {[%emt 00:00:02]} 35. Bb5 {[%clk
00:21:04]} {[%emt 00:00:10]} Rb6 {[%clk 00:00:52]} {[%emt 00:00:52]} 36. Kf1
{[%clk 00:20:01]} {[%emt 00:01:33]} Kf8 {[%clk 00:01:18]} {[%emt 00:00:05]} 37.
Ke2 {[%clk 00:20:14]} {[%emt 00:00:16]} Ke7 {[%clk 00:01:47]} {[%emt 00:00:02]}
38. e4 {[%clk 00:17:39]} {[%emt 00:03:04]} Bc6 {[%clk 00:02:15]} {[%emt
00:00:02]} 39. Bc4 {[%clk 00:15:59]} {[%emt 00:02:11]} Bd7 {[%clk 00:02:44]}
{[%emt 00:00:01]} 40. Kd2 {[%clk 00:13:32]} {[%emt 00:02:57]} Be6 {[%clk
00:02:16]} {[%emt 00:00:57]} 41. Bb5 {[%clk 00:11:59]} {[%emt 00:02:02]} f6
{[%clk 00:26:52]} {[%emt 00:05:55]} 42. Rd3 {[%clk 00:35:26]} {[%emt 00:07:03]}
Rb8 {[%clk 00:24:51]} {[%emt 00:02:31]} 43. Kc3 {[%clk 00:34:53]} {[%emt
00:01:03]} g5 {[%clk 00:21:10]} {[%emt 00:04:11]} 44. hxg5 {[%clk 00:32:58]}
{[%emt 00:02:24]} fxg5 {[%clk 00:21:39]} {[%emt 00:00:02]} 45. f4 {[%clk
00:33:05]} {[%emt 00:00:23]} gxf4 {[%clk 00:22:04]} {[%emt 00:00:05]} 46. gxf4
{[%clk 00:33:32]} {[%emt 00:00:03]} Rh8 {[%clk 00:22:04]} {[%emt 00:00:29]} 47.
f5 {[%clk 00:19:03]} {[%emt 00:15:00]} Bf7 {[%clk 00:22:18]} {[%emt 00:00:17]}
48. Bc4 {[%clk 00:18:29]} {[%emt 00:01:03]} Bxc4 {[%clk 00:17:46]} {[%emt
00:05:01]} 49. Kxc4 {[%clk 00:18:44]} {[%emt 00:00:16]} Rb8 {[%clk 00:17:31]}
{[%emt 00:00:45]} 50. f6+ {[%clk 00:02:42]} {[%emt 00:16:31]} Ke6 {[%clk
00:06:15]} {[%emt 00:11:46]} 51. f7 {[%clk 00:02:59]} {[%emt 00:00:13]} Rb4+
{[%clk 00:06:41]} {[%emt 00:00:05]} 52. Kc3 {[%clk 00:03:25]} {[%emt 00:00:04]}
Kxf7 {[%clk 00:07:04]} {[%emt 00:00:06]} 53. Rxd6 {[%clk 00:03:51]} {[%emt
00:00:05]} c4 {[%clk 00:00:38]} {[%emt 00:06:57]} 54. Rd4 {[%clk 00:02:19]}
{[%emt 00:02:01]} Rxb3+ {[%clk 00:00:39]} {[%emt 00:00:29]} 55. Kxc4 {[%clk
00:02:48]} {[%emt 00:00:02]} Rb1 {[%clk 00:00:45]} {[%emt 00:00:23]} 56. Kd5
{[%clk 00:02:20]} {[%emt 00:00:57]} Ke7 {[%clk 00:01:14]} {[%emt 00:00:02]} 57.
Rc4 {[%clk 00:02:15]} {[%emt 00:00:36]} Ra1 {[%clk 00:00:40]} {[%emt 00:01:03]}
58. Kc6 {[%clk 00:02:03]} {[%emt 00:00:41]} Rb1 {[%clk 00:01:03]} {[%emt
00:00:07]} 59. e5 {[%clk 00:01:19]} {[%emt 00:01:14]} Rb4 {[%clk 00:00:53]}
{[%emt 00:00:40]} 60. Kd5 {[%clk 00:01:47]} {[%emt 00:00:02]} Rb7 {[%clk
00:00:40]} {[%emt 00:00:43]} 61. Rc5 {[%clk 00:02:07]} {[%emt 00:00:10]} Ra7
{[%clk 00:00:31]} {[%emt 00:00:39]} 62. Kc6 {[%clk 00:02:24]} {[%emt 00:00:12]}
Ke6 {[%clk 00:00:44]} {[%emt 00:00:18]} 63. Kb6 {[%clk 00:02:43]} {[%emt
00:00:11]} Rd7 {[%clk 00:00:37]} {[%emt 00:00:37]} 64. Kxa5 {[%clk 00:02:04]}
{[%emt 00:01:10]} Rb7 {[%clk 00:00:31]} {[%emt 00:00:36]} 65. Ka6 {[%clk
00:02:15]} {[%emt 00:00:18]} Rb1 {[%clk 00:00:33]} {[%emt 00:00:27]} 66. a5
{[%clk 00:02:31]} {[%emt 00:00:15]} Rb2 {[%clk 00:00:33]} {[%emt 00:00:30]} 67.
Rb5 {[%clk 00:02:47]} {[%emt 00:00:14]} 1-0

[Event "Hoogeveen Open"]
[Site "Hoogeveen, Netherlands"]
[Date "2018.10.25"]
[Round "7.8"]
[White "Iniyan, P"]
[Black "Tomilova, Elena"]
[Result "1-0"]
[WhiteElo "2476"]
[BlackElo "2328"]

1. d4 {[%clk 01:29:30]} {[%emt 00:01:29]} d5 {[%clk 01:30:53]} {[%emt
00:00:08]} 2. c4 {[%clk 01:29:44]} {[%emt 00:00:16]} c6 {[%clk 01:31:17]}
{[%emt 00:00:06]} 3. Nf3 {[%clk 01:30:00]} {[%emt 00:00:14]} Nf6 {[%clk
01:31:41]} {[%emt 00:00:06]} 4. Nc3 {[%clk 01:30:20]} {[%emt 00:00:11]} dxc4
{[%clk 01:32:04]} {[%emt 00:00:07]} 5. a4 {[%clk 01:30:41]} {[%emt 00:00:09]}
a5 {[%clk 01:32:26]} {[%emt 00:00:08]} 6. e4 {[%clk 01:30:55]} {[%emt
00:00:15]} Bg4 {[%clk 01:32:40]} {[%emt 00:00:15]} 7. Bxc4 {[%clk 01:30:29]}
{[%emt 00:00:57]} e6 {[%clk 01:32:58]} {[%emt 00:00:12]} 8. Be3 {[%clk
01:29:20]} {[%emt 00:01:39]} Bb4 {[%clk 01:33:12]} {[%emt 00:00:16]} 9. Qc2
{[%clk 01:29:35]} {[%emt 00:00:15]} Nbd7 {[%clk 01:33:06]} {[%emt 00:00:36]} 10.
Ne5 {[%clk 01:20:45]} {[%emt 00:09:20]} Nxe5 {[%clk 01:32:20]} {[%emt
00:01:17]} 11. dxe5 {[%clk 01:21:04]} {[%emt 00:00:10]} Nd7 {[%clk 01:32:45]}
{[%emt 00:00:05]} 12. f4 {[%clk 01:20:14]} {[%emt 00:01:20]} g5 {[%clk
01:33:03]} {[%emt 00:00:12]} 13. fxg5 {[%clk 01:09:13]} {[%emt 00:11:31]} Nxe5
{[%clk 01:33:06]} {[%emt 00:00:27]} 14. Bf1 {[%clk 00:48:25]} {[%emt 00:21:18]}
Bh5 {[%clk 01:26:58]} {[%emt 00:06:38]} 15. h3 {[%clk 00:46:23]} {[%emt
00:02:31]} Qd6 {[%clk 01:23:05]} {[%emt 00:04:24]} 16. g4 {[%clk 00:26:31]}
{[%emt 00:20:23]} Bxg4 {[%clk 01:22:34]} {[%emt 00:01:01]} 17. hxg4 {[%clk
00:26:56]} {[%emt 00:00:05]} Nxg4 {[%clk 01:23:00]} {[%emt 00:00:04]} 18. Bf2
{[%clk 00:27:20]} {[%emt 00:00:05]} O-O-O {[%clk 01:20:38]} {[%emt 00:02:52]}
19. Rh3 {[%clk 00:18:05]} {[%emt 00:09:45]} Qf4 {[%clk 01:15:42]} {[%emt
00:05:26]} 20. Bd3 {[%clk 00:15:22]} {[%emt 00:03:13]} Rhg8 {[%clk 01:08:09]}
{[%emt 00:08:04]} 21. Bb6 {[%clk 00:10:21]} {[%emt 00:05:31]} Rd6 {[%clk
01:06:07]} {[%emt 00:02:31]} 22. Qc1 {[%clk 00:09:10]} {[%emt 00:01:41]} Qe5
{[%clk 01:02:36]} {[%emt 00:04:01]} 23. Be2 {[%clk 00:09:33]} {[%emt 00:00:07]}
Qxe4 {[%clk 00:59:30]} {[%emt 00:03:37]} 24. Rh4 {[%clk 00:09:32]} {[%emt
00:00:31]} f5 {[%clk 00:55:17]} {[%emt 00:04:43]} 25. Bc5 {[%clk 00:07:56]}
{[%emt 00:02:06]} Qg2 {[%clk 00:44:15]} {[%emt 00:11:31]} 26. Rxg4 {[%clk
00:07:09]} {[%emt 00:01:18]} fxg4 {[%clk 00:44:13]} {[%emt 00:00:31]} 27. Bxd6
{[%clk 00:07:35]} {[%emt 00:00:04]} Qg1+ {[%clk 00:33:08]} {[%emt 00:11:34]} 28.
Kd2 {[%clk 00:07:56]} {[%emt 00:00:10]} Qd4+ {[%clk 00:33:29]} {[%emt
00:00:09]} 29. Kc2 {[%clk 00:07:54]} {[%emt 00:00:33]} Bxd6 {[%clk 00:31:19]}
{[%emt 00:02:40]} 30. Qd1 {[%clk 00:06:44]} {[%emt 00:01:40]} Qb4 {[%clk
00:25:45]} {[%emt 00:06:04]} 31. Bxg4 {[%clk 00:05:40]} {[%emt 00:01:33]} Rxg5
{[%clk 00:26:09]} {[%emt 00:00:06]} 32. Bxe6+ {[%clk 00:04:33]} {[%emt
00:01:37]} Kb8 {[%clk 00:26:30]} {[%emt 00:00:10]} 33. Qd2 {[%clk 00:02:49]}
{[%emt 00:02:14]} Bf4 {[%clk 00:24:53]} {[%emt 00:02:06]} 34. Qe2 {[%clk
00:03:08]} {[%emt 00:00:11]} Be5 {[%clk 00:23:17]} {[%emt 00:02:07]} 35. Bb3
{[%clk 00:02:33]} {[%emt 00:01:05]} Rf5 {[%clk 00:21:48]} {[%emt 00:01:59]} 36.
Rf1 {[%clk 00:01:46]} {[%emt 00:01:16]} Rxf1 {[%clk 00:21:11]} {[%emt
00:01:07]} 37. Qxf1 {[%clk 00:02:11]} {[%emt 00:00:05]} h5 {[%clk 00:15:49]}
{[%emt 00:05:52]} 38. Qf5 {[%clk 00:02:01]} {[%emt 00:00:40]} Bxc3 {[%clk
00:15:53]} {[%emt 00:00:26]} 39. bxc3 {[%clk 00:02:26]} {[%emt 00:00:05]} Qh4
{[%clk 00:15:30]} {[%emt 00:00:53]} 40. Qe5+ {[%clk 00:02:40]} {[%emt
00:00:16]} Ka7 {[%clk 00:15:25]} {[%emt 00:00:36]} 41. Qxa5+ {[%clk 00:01:17]}
{[%emt 00:01:52]} Kb8 {[%clk 00:15:51]} {[%emt 00:00:04]} 42. Qe5+ {[%clk
00:01:33]} {[%emt 00:00:14]} Ka8 {[%clk 00:16:05]} {[%emt 00:00:16]} 43. Qh8+
{[%clk 00:01:18]} {[%emt 00:00:45]} Ka7 {[%clk 00:16:29]} {[%emt 00:00:06]} 44.
Qd4+ {[%clk 00:01:06]} {[%emt 00:00:42]} Qxd4 {[%clk 00:16:54]} {[%emt
00:00:05]} 45. cxd4 {[%clk 00:01:32]} {[%emt 00:00:05]} h4 {[%clk 00:12:57]}
{[%emt 00:04:27]} 46. Be6 {[%clk 00:01:55]} {[%emt 00:00:06]} Kb6 {[%clk
00:12:43]} {[%emt 00:00:44]} 47. Kb3 {[%clk 00:01:48]} {[%emt 00:00:37]} Kc7
{[%clk 00:07:57]} {[%emt 00:05:16]} 48. Kc4 {[%clk 00:02:00]} {[%emt 00:00:19]}
Kd6 {[%clk 00:07:45]} {[%emt 00:00:42]} 49. Bh3 {[%clk 00:02:23]} {[%emt
00:00:06]} b6 {[%clk 00:27:38]} {[%emt 00:10:38]} 50. Bg2 {[%clk 00:32:46]}
{[%emt 00:00:06]} Kc7 {[%clk 00:27:32]} {[%emt 00:00:36]} 51. d5 {[%clk
00:33:12]} {[%emt 00:00:05]} c5 {[%clk 00:25:26]} {[%emt 00:02:36]} 52. a5
{[%clk 00:33:36]} {[%emt 00:00:06]} bxa5 {[%clk 00:24:50]} {[%emt 00:01:06]} 53.
Kxc5 {[%clk 00:33:58]} {[%emt 00:00:08]} a4 {[%clk 00:24:37]} {[%emt 00:00:42]}
54. Kb4 {[%clk 00:34:22]} {[%emt 00:00:06]} Kd6 {[%clk 00:24:59]} {[%emt
00:00:08]} 55. Kxa4 {[%clk 00:34:44]} {[%emt 00:00:08]} h3 {[%clk 00:25:22]}
{[%emt 00:00:06]} 56. Bh1 {[%clk 00:35:09]} {[%emt 00:00:06]} 1-0

[Event "Hoogeveen Open"]
[Site "Hoogeveen, Netherlands"]
[Date "2018.10.25"]
[Round "7.9"]
[White "Li, Henry"]
[Black "Karthikeyan, P."]
[Result "1/2-1/2"]
[WhiteElo "2207"]
[BlackElo "2443"]

1. e4 {[%clk 01:30:32]} {[%emt 00:00:28]} g6 {[%clk 01:30:46]} {[%emt
00:00:14]} 2. d4 {[%clk 01:30:41]} {[%emt 00:00:21]} Bg7 {[%clk 01:31:11]}
{[%emt 00:00:04]} 3. Nc3 {[%clk 01:31:04]} {[%emt 00:00:08]} d6 {[%clk
01:31:31]} {[%emt 00:00:10]} 4. f4 {[%clk 01:31:00]} {[%emt 00:00:34]} Nf6
{[%clk 01:29:30]} {[%emt 00:02:30]} 5. Nf3 {[%clk 01:30:38]} {[%emt 00:00:53]}
O-O {[%clk 01:29:43]} {[%emt 00:00:17]} 6. e5 {[%clk 01:30:48]} {[%emt
00:00:20]} dxe5 {[%clk 01:27:03]} {[%emt 00:03:10]} 7. fxe5 {[%clk 01:30:52]}
{[%emt 00:00:26]} Nd5 {[%clk 01:27:25]} {[%emt 00:00:07]} 8. Bc4 {[%clk
01:30:35]} {[%emt 00:00:47]} Nxc3 {[%clk 01:27:06]} {[%emt 00:00:49]} 9. bxc3
{[%clk 01:30:59]} {[%emt 00:00:07]} c5 {[%clk 01:27:27]} {[%emt 00:00:09]} 10.
O-O {[%clk 01:18:19]} {[%emt 00:13:09]} Nc6 {[%clk 01:26:40]} {[%emt 00:01:17]}
11. Ng5 {[%clk 01:12:48]} {[%emt 00:06:00]} e6 {[%clk 01:25:05]} {[%emt
00:02:06]} 12. Ne4 {[%clk 00:58:52]} {[%emt 00:14:26]} cxd4 {[%clk 01:24:37]}
{[%emt 00:00:57]} 13. Bg5 {[%clk 00:58:57]} {[%emt 00:00:26]} Qc7 {[%clk
01:19:43]} {[%emt 00:05:24]} 14. cxd4 {[%clk 00:56:04]} {[%emt 00:03:22]} Nxe5
{[%clk 01:16:38]} {[%emt 00:03:36]} 15. dxe5 {[%clk 00:52:09]} {[%emt
00:04:26]} Qxc4 {[%clk 01:14:08]} {[%emt 00:02:59]} 16. Qg4 {[%clk 00:49:49]}
{[%emt 00:02:50]} Qd4+ {[%clk 01:12:17]} {[%emt 00:02:21]} 17. Kh1 {[%clk
00:50:01]} {[%emt 00:00:18]} Qxe5 {[%clk 01:10:42]} {[%emt 00:02:05]} 18. Bf6
{[%clk 00:37:43]} {[%emt 00:12:48]} Qh5 {[%clk 00:40:59]} {[%emt 00:30:12]} 19.
Qg3 {[%clk 00:34:24]} {[%emt 00:03:50]} b6 {[%clk 00:38:16]} {[%emt 00:03:13]}
20. Bxg7 {[%clk 00:27:11]} {[%emt 00:07:43]} Kxg7 {[%clk 00:38:33]} {[%emt
00:00:12]} 21. Nf6 {[%clk 00:26:13]} {[%emt 00:01:28]} Qc5 {[%clk 00:36:04]}
{[%emt 00:02:59]} 22. Rae1 {[%clk 00:19:05]} {[%emt 00:07:39]} Ba6 {[%clk
00:32:19]} {[%emt 00:04:15]} 23. Nd7 {[%clk 00:18:56]} {[%emt 00:00:39]} Qe7
{[%clk 00:31:33]} {[%emt 00:01:16]} 24. Qc3+ {[%clk 00:16:12]} {[%emt
00:03:15]} f6 {[%clk 00:28:35]} {[%emt 00:03:27]} 25. Nxf8 {[%clk 00:16:36]}
{[%emt 00:00:05]} Rxf8 {[%clk 00:28:53]} {[%emt 00:00:12]} 26. Rf2 {[%clk
00:16:04]} {[%emt 00:01:02]} e5 {[%clk 00:29:07]} {[%emt 00:00:16]} 27. Rd2
{[%clk 00:15:38]} {[%emt 00:00:56]} Rf7 {[%clk 00:24:22]} {[%emt 00:05:16]} 28.
Red1 {[%clk 00:14:41]} {[%emt 00:01:27]} Qe6 {[%clk 00:24:24]} {[%emt
00:00:28]} 29. a4 {[%clk 00:12:05]} {[%emt 00:03:07]} Bb7 {[%clk 00:23:58]}
{[%emt 00:00:55]} 30. a5 {[%clk 00:10:31]} {[%emt 00:02:06]} bxa5 {[%clk
00:19:54]} {[%emt 00:04:33]} 31. Qxa5 {[%clk 00:09:53]} {[%emt 00:01:08]} Qg4
{[%clk 00:20:17]} {[%emt 00:00:06]} 32. Qd8 {[%clk 00:09:02]} {[%emt 00:01:22]}
h5 {[%clk 00:19:03]} {[%emt 00:01:44]} 33. Qd3 {[%clk 00:06:00]} {[%emt
00:03:31]} h4 {[%clk 00:18:09]} {[%emt 00:01:25]} 34. h3 {[%clk 00:06:21]}
{[%emt 00:00:09]} Qg5 {[%clk 00:16:50]} {[%emt 00:01:48]} 35. Qe2 {[%clk
00:05:41]} {[%emt 00:01:11]} Qg3 {[%clk 00:13:17]} {[%emt 00:04:02]} 36. Kg1
{[%clk 00:05:43]} {[%emt 00:00:28]} Bc6 {[%clk 00:12:24]} {[%emt 00:01:24]} 37.
Qf2 {[%clk 00:03:52]} {[%emt 00:02:20]} f5 {[%clk 00:03:34]} {[%emt 00:09:20]}
1/2-1/2

[Event "Hoogeveen Open"]
[Site "Hoogeveen, Netherlands"]
[Date "2018.10.25"]
[Round "7.10"]
[White "Baskin, Robert"]
[Black "Ojas, Kulkarni"]
[Result "1/2-1/2"]
[WhiteElo "2348"]
[BlackElo "2254"]

1. d4 {[%clk 01:29:37]} {[%emt 00:01:22]} Nf6 {[%clk 01:30:51]} {[%emt
00:00:09]} 2. c4 {[%clk 01:29:58]} {[%emt 00:00:09]} b6 {[%clk 01:29:25]}
{[%emt 00:01:56]} 3. Nc3 {[%clk 01:29:10]} {[%emt 00:01:17]} Bb7 {[%clk
01:29:48]} {[%emt 00:00:07]} 4. Qc2 {[%clk 01:28:55]} {[%emt 00:00:45]} g6
{[%clk 01:26:00]} {[%emt 00:04:18]} 5. e4 {[%clk 01:27:24]} {[%emt 00:02:01]}
Bg7 {[%clk 01:26:13]} {[%emt 00:00:18]} 6. Be2 {[%clk 01:19:57]} {[%emt
00:07:56]} d6 {[%clk 01:24:58]} {[%emt 00:01:45]} 7. Be3 {[%clk 01:19:38]}
{[%emt 00:00:49]} c5 {[%clk 01:21:47]} {[%emt 00:03:41]} 8. d5 {[%clk
01:19:30]} {[%emt 00:00:37]} O-O {[%clk 01:22:09]} {[%emt 00:00:09]} 9. g4
{[%clk 01:12:34]} {[%emt 00:07:26]} e6 {[%clk 01:20:13]} {[%emt 00:02:27]} 10.
g5 {[%clk 01:12:23]} {[%emt 00:00:40]} Ne8 {[%clk 01:18:47]} {[%emt 00:01:56]}
11. h4 {[%clk 01:12:16]} {[%emt 00:00:37]} exd5 {[%clk 01:08:51]} {[%emt
00:10:25]} 12. exd5 {[%clk 01:12:36]} {[%emt 00:00:11]} Nc7 {[%clk 00:58:54]}
{[%emt 00:10:28]} 13. h5 {[%clk 01:09:13]} {[%emt 00:03:52]} b5 {[%clk
00:57:02]} {[%emt 00:02:23]} 14. O-O-O {[%clk 01:04:58]} {[%emt 00:04:45]} bxc4
{[%clk 00:56:13]} {[%emt 00:01:19]} 15. hxg6 {[%clk 00:55:01]} {[%emt
00:10:26]} hxg6 {[%clk 00:56:11]} {[%emt 00:00:33]} 16. f4 {[%clk 00:42:31]}
{[%emt 00:12:59]} Re8 {[%clk 00:51:13]} {[%emt 00:05:28]} 17. Bf2 {[%clk
00:41:54]} {[%emt 00:01:07]} Bc8 {[%clk 00:42:38]} {[%emt 00:09:06]} 18. Bxc4
{[%clk 00:38:45]} {[%emt 00:03:38]} Nd7 {[%clk 00:42:45]} {[%emt 00:00:23]} 19.
Bd3 {[%clk 00:34:01]} {[%emt 00:05:15]} Nb6 {[%clk 00:38:35]} {[%emt 00:04:39]}
20. Be4 {[%clk 00:23:02]} {[%emt 00:11:29]} Rb8 {[%clk 00:35:15]} {[%emt
00:03:50]} 1/2-1/2

[Event "Hoogeveen Open"]
[Site "Hoogeveen, Netherlands"]
[Date "2018.10.25"]
[Round "7.14"]
[White "Bluhm, Sonja Maria"]
[Black "Murray, David"]
[Result "1/2-1/2"]
[WhiteElo "2281"]
[BlackElo "2222"]

1. e4 {[%clk 01:30:57]} {[%emt 00:00:01]} e6 {[%clk 01:30:55]} {[%emt
00:00:05]} 2. d4 {[%clk 01:30:13]} {[%emt 00:01:15]} d5 {[%clk 01:31:19]}
{[%emt 00:00:06]} 3. exd5 {[%clk 01:30:28]} {[%emt 00:00:15]} exd5 {[%clk
01:31:41]} {[%emt 00:00:08]} 4. Bd3 {[%clk 01:30:50]} {[%emt 00:00:08]} Bd6
{[%clk 01:31:33]} {[%emt 00:00:38]} 5. h3 {[%clk 01:30:00]} {[%emt 00:01:20]}
Ne7 {[%clk 01:30:19]} {[%emt 00:01:44]} 6. Nf3 {[%clk 01:29:36]} {[%emt
00:00:54]} Bf5 {[%clk 01:29:11]} {[%emt 00:01:37]} 7. O-O {[%clk 01:29:40]}
{[%emt 00:00:28]} O-O {[%clk 01:28:03]} {[%emt 00:01:38]} 8. Nc3 {[%clk
01:24:09]} {[%emt 00:06:01]} c6 {[%clk 01:26:52]} {[%emt 00:01:41]} 9. Re1
{[%clk 01:23:15]} {[%emt 00:01:25]} Bxd3 {[%clk 01:26:32]} {[%emt 00:00:51]} 10.
Qxd3 {[%clk 01:23:38]} {[%emt 00:01:32]} Nd7 {[%clk 01:23:37]} {[%emt
00:02:00]} 11. Bg5 {[%clk 01:22:11]} {[%emt 00:01:57]} Re8 {[%clk 01:21:01]}
{[%emt 00:03:05]} 12. Ne2 {[%clk 01:14:08]} {[%emt 00:08:34]} Qc7 {[%clk
01:18:00]} {[%emt 00:03:30]} 13. Bh4 {[%clk 01:13:51]} {[%emt 00:00:47]} Ng6
{[%clk 01:16:19]} {[%emt 00:02:12]} 14. Bg3 {[%clk 01:13:46]} {[%emt 00:00:35]}
Nf6 {[%clk 01:10:19]} {[%emt 00:06:29]} 15. Bxd6 {[%clk 01:08:14]} {[%emt
00:06:03]} Qxd6 {[%clk 01:10:41]} {[%emt 00:00:08]} 16. Ng3 {[%clk 01:03:40]}
{[%emt 00:05:03]} Nf4 {[%clk 01:03:21]} {[%emt 00:07:51]} 17. Qf5 {[%clk
00:56:47]} {[%emt 00:07:24]} g6 {[%clk 00:53:39]} {[%emt 00:10:12]} 18. Qg5
{[%clk 00:56:58]} {[%emt 00:00:19]} Ne4 {[%clk 00:53:06]} {[%emt 00:01:02]} 19.
Nxe4 {[%clk 00:33:52]} {[%emt 00:23:37]} Rxe4 {[%clk 00:48:48]} {[%emt
00:04:48]} 20. c3 {[%clk 00:31:01]} {[%emt 00:03:21]} Rae8 {[%clk 00:46:01]}
{[%emt 00:03:17]} 21. Rxe4 {[%clk 00:27:13]} {[%emt 00:04:18]} Rxe4 {[%clk
00:45:26]} {[%emt 00:01:05]} 22. Re1 {[%clk 00:24:55]} {[%emt 00:02:48]} Qe6
{[%clk 00:37:45]} {[%emt 00:08:11]} 23. Rxe4 {[%clk 00:22:28]} {[%emt
00:02:57]} Qxe4 {[%clk 00:36:21]} {[%emt 00:01:53]} 24. Qf6 {[%clk 00:21:22]}
{[%emt 00:01:38]} Nd3 {[%clk 00:34:24]} {[%emt 00:02:26]} 25. Ne5 {[%clk
00:18:50]} {[%emt 00:03:01]} Nxe5 {[%clk 00:32:41]} {[%emt 00:02:14]} 26. dxe5
{[%clk 00:19:10]} {[%emt 00:00:10]} Qb1+ {[%clk 00:32:16]} {[%emt 00:00:55]} 27.
Kh2 {[%clk 00:19:35]} {[%emt 00:00:05]} Qxb2 {[%clk 00:31:50]} {[%emt
00:00:56]} 28. Qd8+ {[%clk 00:19:41]} {[%emt 00:00:24]} Kg7 {[%clk 00:32:14]}
{[%emt 00:00:06]} 29. Qf6+ {[%clk 00:19:42]} {[%emt 00:00:29]} Kg8 {[%clk
00:32:26]} {[%emt 00:00:19]} 30. Qd8+ {[%clk 00:19:50]} {[%emt 00:00:21]} Kg7
{[%clk 00:32:50]} {[%emt 00:00:06]} 31. Qf6+ {[%clk 00:20:01]} {[%emt
00:00:18]} 1/2-1/2